| 000 | 01074nam a22002412 4500 | ||
|---|---|---|---|
| 999 |
_c9921 _d9921 |
||
| 001 | 9921 | ||
| 003 | BD -JhCC | ||
| 005 | 20180403134405.0 | ||
| 008 | 180403s1958 njuab d 000 0 eng | ||
| 035 |
_aOCLC ocm00523613 from D971107M _a(BD -JhCC)9921 |
||
| 040 |
_aDLC _cDLC _dEQO _dBD -JhCC |
||
| 041 | _aeng | ||
| 050 | 0 |
_aQ121 _b.V3 1958 |
|
| 082 |
_a503 _bVAN 1958 |
||
| 245 | 0 | 0 |
_aVan Nostrand's scientific encyclopedia : _baeronautics, astronomy, botany, chemical engineering, chemistry, civil engineering, electrical engineering, electronics, geology, guided missiles, mathematics, mechanical engineering, medicine, metallurgy, meteorology, mineralogy, navigation, nuclear science & engineering, photography, physics, radio & television, statistics, zoology / _cD. Van Nostrand Company, Inc. |
| 250 | _a3d ed. | ||
| 260 |
_aPrinceton, N.J. : _bVan Nostrand, _c1958. |
||
| 300 |
_avi, 1839 p. _billus. (part col.) maps, diagrs., tables. _c29 cm. |
||
| 650 | 0 |
_aScience _vDictionaries. |
|
| 710 | _aD. Van Nostrand Company, Inc. | ||
| 942 |
_2ddc _cREF |
||